Patterns / (Record no. 6501)

MARC details
000 -LEADER
fixed length control field 00911nam a22002777a 4500
001 - CONTROL NUMBER
control field 6501
003 - CONTROL NUMBER IDENTIFIER
control field FISKH
005 - DATE AND TIME OF LATEST TRANSACTION
control field 20250805080554.0
008 - FIXED-LENGTH DATA ELEMENTS--GENERAL INFORMATION
fixed length control field 250507b cb ||||| |||| 00| 0 eng d
020 ## - INTERNATIONAL STANDARD BOOK NUMBER
International Standard Book Number 9780545591416
040 ## - CATALOGING SOURCE
Original cataloging agency FISKH
Language of cataloging eng
Transcribing agency FISKH
Modifying agency FISKH
050 ## - LIBRARY OF CONGRESS CALL NUMBER
Classification number BF311 .B455
082 ## - DEWEY DECIMAL CLASSIFICATION NUMBER
Classification number 511
100 ## - MAIN ENTRY--PERSONAL NAME
Personal name Berger, Samantha
245 ## - TITLE STATEMENT
Title Patterns /
Statement of responsibility, etc. Samantha Berger ; Daniel Moreton
250 ## - EDITION STATEMENT
Edition statement This eidition published in 2013
260 ## - PUBLICATION, DISTRIBUTION, ETC.
Place of publication, distribution, etc. New York :
Name of publisher, distributor, etc. Scholastic,
Date of publication, distribution, etc. 1999
300 ## - PHYSICAL DESCRIPTION
Extent 16 unnnumbered pages :
Other physical details color illustrations ;
Dimensions 18 x 21 cm
505 ## - FORMATTED CONTENTS NOTE
Formatted contents note aa<br/>
520 ## - SUMMARY, ETC.
Summary, etc. Simple text and photographs present patterns in animals, nature, and all around us, including those found in piano keys, a snakeskin, and a field being harvested.
521 8# - TARGET AUDIENCE NOTE
Target audience note 70<br/>
Source Lexile
521 8# - TARGET AUDIENCE NOTE
Target audience note aa<br/>
Source Raz-Plus<br/>
650 ## - SUBJECT ADDED ENTRY--TOPICAL TERM
Topical term or geographic name entry element Patterns
Form subdivision Measurement
942 ## - ADDED ENTRY ELEMENTS (KOHA)
Source of classification or shelving scheme Dewey Decimal Classification
Koha item type Books
Suppress in OPAC No
Holdings
Withdrawn status Lost status Source of classification or shelving scheme Damaged status Not for loan Collection Home library Current library Shelving location Date acquired Total Checkouts Full call number Barcode Date last seen Copy number Price effective from Koha item type
    Dewey Decimal Classification     Non-Fiction Footprints International School Library Network Toul Kork Campus Footprints International School Library Network Toul Kork Campus TK Primary Library Room(4th Floor), Bookcase 7, Shelves 57-60, Dark Green Books 05/07/2025   BER 511 BF311 .B455 FISBK04358 05/07/2025 1 05/07/2025 Books
    Dewey Decimal Classification     Non-Fiction Footprints International School Library Network Toul Tom Poung Campus Footprints International School Library Network Toul Tom Poung Campus TTP Primary Green Bookshelves 08/05/2025   BER 511 BF311 .B455 FISBK04339 08/05/2025 2 08/05/2025 Books